000 00365nam a22001577a 4500
020 _a0-439-21787-3
082 _a823
_bARM/S
100 _aARMSTRONG, WILLIAM. H
245 _aSOUNDER
_bSHORT STORY
246 _aSOUNDER
_bSHORT STORY
260 _aUSA
_bSCOLASTIC PRINTING
_c1969
300 _a116
520 _aSHORT STORY
650 _aSHORTS STORY
942 _cBK
999 _c1806
_d1806